Fetters / (Record no. 160380)

MARC details
000 -LEADER
fixed length control field 00457nam a22001817a 4500
005 - DATE AND TIME OF LATEST TRANSACTION
control field 20190128142453.0
010 ## - LCCN (DPL NO)
LC control number A-937329
020 ## - INTERNATIONAL STANDARD BOOK NUMBER
International Standard Book Number 8126003855
Terms of availability 45.00
035 ## - SYSTEM CONTROL NUMBER
System control number A-937329
037 ## - SOURCE OF ACQUISITION
Source of stock number/acquisition Sahitya Akademi
082 ## - DEWEY DECIMAL CLASSIFICATION NUMBER
Classification number S
100 ## - MAIN ENTRY--PERSONAL NAME
Personal name Saikia, Bhabendra Nath
245 ## - TITLE STATEMENT
Title Fetters /
Statement of responsibility, etc Bhabendra Nath Saikia
260 ## - PUBLICATION, DISTRIBUTION, ETC. (IMPRINT)
Place of publication, distribution, etc New Delhi
Name of publisher, distributor, etc Sahitya Akademi
Date of publication, distribution, etc 1997
300 ## - PHYSICAL DESCRIPTION
Extent 166p.
Dimensions 22cm(hbk)
700 ## - ADDED ENTRY--PERSONAL NAME
Personal name Biswas, Ranjita
942 ## - ADDED ENTRY ELEMENTS (KOHA)
Source of classification or shelving scheme Dewey Decimal Classification
Item type English Books
Classification part S
Call number suffix SAI
Holdings
Withdrawn status Lost status Not for loan Collection code Home library Current library Date acquired Full call number Barcode Koha item type
      Fiction Sarojini Nagar Sarojini Nagar 28/01/2019 S SAI A-937329 English Books

© Delhi Public Library
Hit Counter
free hit counter